00760nam a2200265Ia 4500008004100000020001800041050001100059050001400070100001700084245007100101245002800172260001800200260001600218260000900234300001500243300002000258300001000278650002500288650001700313650003100330650002300361650008200384650001700466650001100483170712s9999 xx 000 0 und d a9789719335726 a320.45 bL149 2011 aLacson, Alex a12 little things global Filipinos can do to help our Philippines / cby Alexander L. Lacson. aPhilippines : bAlay Pinoy, c2011 a98 pages : billustrations ; c17cm. aCivics, Philippines. aPhilippines. aPolitical participation -- aPolitical science. aTitle : Twelve little things global Filipinos can do to help our Philippines. xPhilippines. xTitle.